000 00756cam a2200229u 4500
008 820923s1946 enk 000 0 eng
010 _a 47016906
040 _aDLC
_cCarP
_dDLC
050 0 0 _aB72
_b.R8 1946
092 0 4 _a190
_bR968
_221
099 _a04
_a190 R968
100 1 _aRussell, Bertrand,
_d1872-1970.
245 1 0 _aHistory of western philosophy and its connection with political and social circumstances from the earliest times to the present day.
260 _aLondon,
_bG. Allen and Unwin ltd
_c[1946]
300 _a916 p.
_c23 cm.
650 0 _aPhilosophy
_xHistory.
902 _a1
905 _aEman
_eRev.
905 _aJamal
_eCat.
942 _2ddc
_cBK
999 _c117604
_d117604